Normal view
MARC view
Entry Personal Name
001 - CONTROL NUMBER
- control field: 14485
003 - CONTROL NUMBER IDENTIFIER
- control field: OSt
005 - DATE AND TIME OF LATEST TRANSACTION
- control field: 20210830135556.0
008 - FIXED-LENGTH DATA ELEMENTS
- fixed length control field: 210830|| aca||aabn | a|a d
040 ## - CATALOGING SOURCE
- Original cataloging agency: OSt
- Transcribing agency: OSt
100 ## - HEADING--PERSONAL NAME
- Personal name: Walker.J.M,Rapley.R;
670 ## - SOURCE DATA FOUND
- Source citation: Work cat.: (OSt)0: Walker.J.M,Rapley.R;, Molecular biology and biotechnology., 2000.
